Loading...

Studies in Buddhism/

Bibliographic Details
Main Author: Mangala R Chinchore
Format: Printed Book
Published: New Delhi: New Bharatiya Book Corporation, 2007.
Edition:1st
Subjects:
LEADER 00626nam a22001811a 4500
020 |a 9788183150705 
082 |a 181.043  |b MAN/S 
100 |a Mangala R Chinchore   |9 114989 
245 |a Studies in Buddhism/  |c by Mangala R Chinchore  
250 |a 1st 
260 |a New Delhi:  |b New Bharatiya Book Corporation,  |c 2007. 
300 |a 350p. 
650 |a Buddhism  |9 114990 
650 |a Religions India  |9 114991 
650 |a Religion  |9 114992 
942 |c BK 
999 |c 141099  |d 141099 
952 |0 0  |1 0  |4 0  |6 181_043000000000000_MAN_S  |7 0  |9 97353  |a SSUS  |b SSUS  |c STACKS  |d 2019-02-20  |g 800.00  |l 1  |o 181.043 MAN/S  |p 093681  |r 2019-03-15  |s 2019-03-01  |w 2019-02-20  |y BK